MARC details
| 000 -LÍDER |
| campo de controle de tamanho fixo |
01860nam a2200349 4500 |
| 001 - NÚMERO DE CONTROLE |
| campo de controle |
269 |
| 003 - IDENTIFICADOR DO NÚMERO DE CONTROLE |
| campo de controle |
OSt |
| 005 - DATA E HORÁRIO DA ÚLTIMA TRANSAÇÃO |
| campo de controle |
20250528074016.0 |
| 008 - CAMPO DE DADOS FIXOS--INFORMAÇÃO GERAL |
| campo de controle de tamanho fixo |
250313b |||||||j |||| 00| 1 eng d |
| 020 ## - ISBN - INTERNATIONAL STANDARD BOOK NUMBER |
| ISBN - International Standard Book Number |
9788539505487 |
| 040 ## - FONTE DA CATALOGAÇÃO |
| Idioma da catalogação |
Por |
| 041 ## - CÓDIGO DE IDIOMA |
| Código do idioma do original e/ou traduções intermediárias do texto |
eng |
| Código do idioma do texto/trilha sonora ou título diferente |
por |
| 082 ## - CDD - CLASSIFICAÇÃO DECIMAL DE DEWEY |
| Número de Classificação |
028.5 |
| Número do exemplar |
S879c |
| 100 ## - ENTRADA PRINCIPAL--NOME PESSOAL |
| Nome pessoal |
Stone, Rex |
| 9 (RLIN) |
494 |
| 240 ## - TÍTULO UNIFORME |
| Título uniforme |
Dinosaur Cove: March of the Armoured Beasts |
| 245 ## - TÍTULO |
| Título |
A Caverna dos Dinossauros |
| Restante do título |
A marcha das feras encouraçadas / |
| Indicação de responsabilidade, etc. |
Stone, Rex ; tradução de Barbara Sampaio Vieira Duarte e ilustração de Mike Spoor |
| 260 ## - PUBLICAÇÃO, DISTRIBUIÇÃO, ETC. |
| Local de publicação, distribuição, etc. |
São Paulo |
| Nome do editor, distribuidor, etc. |
Fundamento |
| Data da publicação, distribuição, etc. |
2014 |
| 300 ## - DESCRIÇÃO FÍSICA |
| Extensão |
59 p. |
| Outros detalhes físicos |
il. |
| 490 1# - TÍTULO DA SÉRIE |
| Título da série |
A Caverna dos Dinossauros |
| Número do volume ou designação sequencial da série |
Livro 3 |
| 520 ## - NOTA DE RESUMO, ETC. |
| Resumo, etc. |
Jamie e seu amigo, Tom, estão de volta às fantásticas paisagens do Mundo dos Dinossauros. Assim que eles chegam, dão de cara com pegadas enormes e decidem segui-las. A trilha leva a um grupo de gigantescos dinossauros cobertos por uma carapaça impenetrável e com rabos que parecem uma clava. O Descobridor de Fósseis os identifica como anquilossauros. Os imensos répteis não sabem, mas um filhote se desgarrou do bando e corre grande perigo. O bebê dino está atolado no pântano e afunda rapidamente em um lamaçal fedorento. Por sorte, Jamie e Tom o encontram e vão fazer todo o possível para salvá-lo. Mas, será que a mamãe anquilossauro vai entender que os garotos só querem ajudar? Ou vai atacá-los com sua cauda poderosa? Leia e descubra!<br/><br/> |
| 650 #0 - ASSUNTO--TERMO TÓPICO |
| Cabeçalho tópico ou nome geográfico |
Literatura Americana |
| 9 (RLIN) |
84 |
| 650 #0 - ASSUNTO--TERMO TÓPICO |
| Cabeçalho tópico ou nome geográfico |
Infantojuvenil |
| 9 (RLIN) |
200 |
| 650 #0 - ASSUNTO--TERMO TÓPICO |
| Cabeçalho tópico ou nome geográfico |
Dinossauros |
| 9 (RLIN) |
495 |
| 650 #0 - ASSUNTO--TERMO TÓPICO |
| Cabeçalho tópico ou nome geográfico |
Aventura |
| 9 (RLIN) |
47 |
| 650 #0 - ASSUNTO--TERMO TÓPICO |
| Cabeçalho tópico ou nome geográfico |
Grandes Amizades |
| 9 (RLIN) |
28 |
| 655 #0 - TERMO DE ÍNDICE--GÊNERO E FORMA |
| Gênero/forma/ou termo foco |
Romance |
| 655 #0 - TERMO DE ÍNDICE--GÊNERO E FORMA |
| Gênero/forma/ou termo foco |
Ficção |
| 700 ## - ENTRADA ADICIONADA - NOME PESSOAL |
| Nome pessoal |
Barbara Sampaio Vieira Duarte |
| Função do autor por extenso |
TRADUTORA |
| 9 (RLIN) |
496 |
| 700 ## - ENTRADA ADICIONADA - NOME PESSOAL |
| Nome pessoal |
Mike Spoor |
| Função do autor por extenso |
Ilustrador |
| 9 (RLIN) |
497 |
| 830 ## - ENTRADA SECUNDÁRIA DE SÉRIE--TÍTULO UNIFORME |
| Título uniforme |
A Caverna dos Dinossauros |
| Número do volume ou designação sequencial da série |
Livro 3 |
| 9 (RLIN) |
498 |
| 942 ## - ELEMENTOS DE ENTRADA ADICIONADOS (KOHA) |
| Fonte de classificação ou esquema de arquivamento |
Classificação decimal de Dewey |
| Ocultar no OPAC |
Não |
| Tipo de material Koha |
Livros |